• 首页
  • 本馆介绍
  • 公告通知
  • 最新文献
  • 馆藏检索
  • 电子资源
  • 读者导购
  • 参考咨询
  • 我的图书馆
  • 登录
  • 详细信息显示
  • 放入我的书架
  • 预约/预借图书
  • 作者相关作品
  • 分类相关作品
  • 丛书相关作品
  • 出版社相关作品

书目信息

  • 表格格式
  • 工作单格式
  • 卡片格式
题名:
新生儿婴儿护理全书
    
 
作者: 吴广琴 编著
分册:  
出版信息: 北京   中医古籍出版社  2017.01
页数: 216页
开本: 25cm
丛书名:
单 册:
中图分类: R473.72 , R174
科图分类:
主题词: 新生儿--xin sheng er--护理 , 婴幼儿--ying you er--护理 , 妇幼卫生
电子资源:
ISBN: 978-7-5152-1325-5
000 00992nam0 2200277 450
001 CAL 0120172129179
005 20171221090127.65
010    @a978-7-5152-1325-5@b精装@dCNY59.00
100    @a20170527d2017 em y0chiy50 ea
101 0  @achi
102    @aCN@b110000
105    @aa z 000yy
106    @ar
200 1  @a新生儿婴儿护理全书@Axin sheng er ying er hu li quan shu@f吴广琴编著@Fwu guang qin bian zhu@g
210    @a北京@c中医古籍出版社@d2017.01
215    @a216页@c彩图@d25cm
330    @a本书针对新手爸妈这一迫切需要, 结合婴儿不同月龄的发育特点, 从饮食喂养、营养指导、日常护理、常见疾病防治、早教开发等方方面面进行了详尽的阐述, 提供给父母们不知道的、想知道的、应该知道的婴儿护理知识。
606 0  @a新生儿@Axin sheng er@x护理
606 0  @a婴幼儿@Aying you er@x护理
606 0  @a妇幼卫生
690    @aR473.72@v5
690    @aR174@v4
701  0 @a吴广琴@Awu guang qin@4编著
801  0 @aCN@b人天书店@c20170527@g
905    @aBZT@dR174@e36
906    @dCNY59.00@n3@r1
    
    新生儿婴儿护理全书/吴广琴编著.-北京:中医古籍出版社,2017.01
    216页:彩图;25cm
    
    
    ISBN 978-7-5152-1325-5(精装):CNY59.00
    本书针对新手爸妈这一迫切需要, 结合婴儿不同月龄的发育特点, 从饮食喂养、营养指导、日常护理、常见疾病防治、早教开发等方方面面进行了详尽的阐述, 提供给父母们不知道的、想知道的、应该知道的婴儿护理知识。
●
相关链接 在五车中查询图书 在当当中查询图书 在豆瓣中查询图书


正题名:新生儿婴儿护理全书     索取号:R174/36         预约/预借

序号 登录号 条形码 馆藏地/架位号 状态 备注
1 834070   2000834070   第二书库/ [索取号:R174/36] 在馆    
2 834072   2000834072   第二书库/ [索取号:R174/36] 在馆    
山东省滨州职业学院图书馆 欢迎您!
大连网信软件有限公司© 版权所有